| 000 | 01172cam a22003015a 4500 | ||
|---|---|---|---|
| 001 | 1057503 | ||
| 005 | 20201128024342.0 | ||
| 008 | 900220t1989 enka frb 001 0 eng d | ||
| 020 | _a1853960357 | ||
| 020 | _a9781853960352 | ||
| 040 |
_aDLC _cDLC _dDLC _dEG-ScBUE _beng |
||
| 043 | _ae-uk--- | ||
| 082 | 0 | 4 |
_222 _a338.6420941 _bBAN |
| 100 | 1 |
_aBannock, Graham. _91333 |
|
| 245 | 1 | 0 |
_aGovernments and small business / _cGraham Bannock and Alan Peacock. |
| 260 |
_aLondon : _bPaul Chapman Pub. for the David Hume Institute, _cc.1989. |
||
| 300 |
_aviii, 278 p. : _bill. ; _c24 cm. |
||
| 504 | _aIncludes bibliographical references and index. | ||
| 650 | 7 |
_aSmall business _zGreat Britain. _2BUEsh _929545 |
|
| 650 | 7 |
_aSmall business _xTaxation _zGreat Britain. _2BUEsh |
|
| 650 | 7 |
_aSmall business _xGovernment policy _zGreat Britain. _2BUEsh |
|
| 653 |
_bBUSADM _cMay2018 |
||
| 700 | 1 |
_aPeacock, Alan T., _d1922-2014. |
|
| 710 | 2 | _aDavid Hume Institute. | |
| 856 | 4 | 2 |
_3Publisher description _uhttp://www.loc.gov/catdir/enhancements/fy0658/90120365-d.html |
| 856 | 4 | 1 |
_3Table of contents only _uhttp://www.loc.gov/catdir/enhancements/fy0658/90120365-t.html |
| 942 | _2ddc | ||
| 999 |
_c26709 _d26681 |
||